|
|
|
|
| LEADER |
00000nab#a22000007a#4500 |
| 001 |
arbauad008638 |
| 003 |
AR-BaUAD |
| 005 |
20250711110922.0 |
| 008 |
950227|||||||||###||||||b###|0###a|spa|| |
| 040 |
|
|
|a AR-BaUAD
|c AR-BaUAD
|b spa
|
| 100 |
|
|
|a Mizrahil, Monique
|
| 245 |
|
|
|a Scrivere con la cera /
|c Monique Mizrahil;
|
| 300 |
0 |
|
|b fot.
|
| 500 |
|
|
|a Suplemento de Interni 361. -- En portada: Tessuti'86. -- Técnica de estampación: batik.
|
| 653 |
|
|
|a DISEÑO TEXTIL
|
| 653 |
|
|
|a TELAS ESTAMPADAS
|
| 773 |
0 |
|
|t INTERNI ANNUAL TESSUTI
|g [jun. 1986], p. 19
|
| 942 |
|
|
|c ARTI
|
| 952 |
|
|
|0 0
|1 0
|4 0
|7 0
|9 53558
|a AR-BAuAD
|b AR-BAuAD
|d 2025-07-11
|l 0
|p AAQA008638
|r 2025-07-11 11:09:22
|w 2025-07-11
|y ARTI
|
| 990 |
|
|
|a DT199
|b TD
|
| 998 |
|
|
|a AAQ
|b BIBUN76
|
| 999 |
|
|
|c 33231
|d 33231
|